[Event "Paracin Summer op"]
[Site "Paracin"]
[Date "2020.07.03"]
[Round "1"]
[White "Ratkovic, Miloje"]
[Black "Mijajlovic, Jovan"]
[Result "1-0"]
[WhiteElo "2456"]
[BlackElo "1910"]
[PlyCount "93"]
[EventDate "2020.07.03"]
[EventType "swiss"]
[EventRounds "9"]
[EventCountry "SRB"]
[SourceTitle "CBM 197 Extra"]
[Source "ChessBase"]
[SourceDate "2020.09.30"]
[SourceVersion "1"]
[SourceVersionDate "2020.09.30"]
[SourceQuality "1"]

1. d4 Nf6 2. c4 b6 3. Nc3 Bb7 4. Nf3 e6 5. a3 Be7 6. d5 exd5 7. cxd5 0-0 8. e4 Re8 9. Bd3 d6 10. 0-0 Nbd7 11. Nd4 Bf8 12. Nf5 c6 13. dxc6 Bxc6 14. Re1 Nc5 15. Bg5 h6 16. Nd4 Bb7 17. Bh4 g5 18. Bg3 Ncxe4 19. Nxe4 Bxe4 20. Bb5 Re7 21. Qd2 a6 22. Bc4 Rc7 23. Bd3 Bxd3 24. Qxd3 Nh5 25. Nf5 Qf6 26. Ne3 Qg6 27. Qxg6+ fxg6 28. Nd5 Rc2 29. Nxb6 Rd8 30. b4 Nxg3 31. hxg3 d5 32. Rad1 d4 33. Rd3 Bg7 34. Kf1 Kf7 35. Na4 Re8 36. Rf3+ Bf6 37. Rxf6+ Kxf6 38. Rxe8 d3 39. Ke1 Ra2 40. Nc5 Kf7 41. Rd8 Ra1+ 42. Kd2 Ra2+ 43. Kxd3 Rxf2 44. Rd7+ Ke8 45. Rd6 Rxg2 46. Ne4 h5 47. Rxg6 1-0

[Event "Paracin Amateur op"]
[Site "Paracin"]
[Date "2020.02.06"]
[Round "9"]
[White "Mijajlovic, Jovan"]
[Black "Stanojevic, Ilija"]
[Result "0-1"]
[WhiteElo "1879"]
[BlackElo "2223"]
[PlyCount "120"]
[EventDate "2020.01.31"]
[EventType "swiss"]
[EventRounds "9"]
[EventCountry "SRB"]
[SourceTitle "CBM 194 Extra"]
[Source "ChessBase"]
[SourceDate "2020.03.31"]
[SourceVersion "1"]
[SourceVersionDate "2020.03.31"]
[SourceQuality "1"]

1. e4 d6 2. d4 Nf6 3. Nc3 g6 4. f3 Bg7 5. Be3 c6 6. a4 Nbd7 7. Bc4 0-0 8. Bb3 e5 9. Nge2 Qe7 10. Qd2 Re8 11. 0-0-0 Nf8 12. g4 Be6 13. d5 cxd5 14. exd5 Bd7 15. h4 e4 16. g5 exf3 17. gxf6 Bxf6 18. Bd4 fxe2 19. Rde1 Bxh4 20. Kb1 Qg5 21. Rxe2 Qxd2 22. Rxd2 g5 23. Bc4 f5 24. Bd3 Ng6 25. Rg2 g4 26. Ne2 Bg5 27. Rf1 Rf8 28. Bc3 Rae8 29. Rgg1 Ne5 30. Nf4 Bxf4 31. Rxf4 Nxd3 32. cxd3 Re3 33. Kc2 Rh3 34. Rb4 b6 35. a5 b5 36. a6 f4 37. Bd4 f3 38. Bxa7 f2 39. Rbxg4+ Bxg4 40. Rxg4+ Kf7 41. Bxf2 Rc8+ 42. Kd2 Rf3 43. Bd4 Ke7 44. Rh4 Rf7 45. Be3 Ra8 46. a7 Kf6 47. Kc3 Re7 48. Rf4+ Kg6 49. Bd4 Raxa7 50. Rf6+ Kg5 51. Rxd6 Rec7+ 52. Rc6 Rxc6+ 53. dxc6 Rc7 54. Kb4 Rxc6 55. Kxb5 Rc8 56. b4 h5 57. Be5 Kf5 58. d4 h4 59. Ka6 Ke4 60. b5 h3 0-1

[Event "SRB-chT2 East"]
[Site "Serbia"]
[Date "2018.09.09"]
[Round "4.15"]
[White "Mijajlovic, Jovan"]
[Black "Stefanovic, Vladimir"]
[Result "0-1"]
[WhiteElo "1959"]
[BlackElo "2239"]
[PlyCount "54"]
[EventDate "2018.09.07"]
[EventType "team-tourn"]
[EventRounds "11"]
[EventCountry "SRB"]
[SourceTitle "EXT 2021"]
[Source "ChessBase"]
[SourceDate "2020.10.23"]
[SourceVersion "1"]
[SourceVersionDate "2020.10.23"]
[SourceQuality "1"]
[WhiteTeam "Cuprija Radnicki"]
[BlackTeam "Jagodina Kablovi"]
[WhiteTeamCountry "SRB"]
[BlackTeamCountry "SRB"]

1. e4 c5 2. Nf3 g6 3. d4 Bg7 4. Bc4 cxd4 5. Nxd4 Nc6 6. Be3 Nf6 7. Nc3 Qa5 8. 0-0 0-0 9. Bb3 d6 10. h3 Bd7 11. f4 Rac8 12. Re1 Qh5 13. Qxh5 Nxh5 14. Rad1 Bxd4 15. Bxd4 Nxf4 16. Be3 Ne6 17. Bh6 Rfd8 18. Rf1 Na5 19. e5 Nxb3 20. exd6 Bc6 21. cxb3 Rxd6 22. Rxd6 exd6 23. b4 b6 24. b5 Bb7 25. a4 d5 26. Nd1 d4 27. Nf2 Rc2 0-1

[Event "SRB-chT2 East"]
[Site "Serbia"]
[Date "2017.10.07"]
[Round "9.2"]
[White "Dimitrijevic, Dusan"]
[Black "Mijajlovic, Jovan"]
[Result "0-1"]
[WhiteElo "2109"]
[BlackElo "1891"]
[PlyCount "119"]
[EventDate "2017.09.08"]
[EventType "team-tourn"]
[EventRounds "11"]
[EventCountry "SRB"]
[SourceTitle "EXT 2022"]
[Source "ChessBase"]
[SourceDate "2021.10.06"]
[SourceVersion "1"]
[SourceVersionDate "2021.10.06"]
[SourceQuality "1"]

1. d4 Nf6 2. c4 c5 3. d5 b5 4. cxb5 a6 5. bxa6 d6 6. Nc3 g6 7. e4 Bxa6 8. Bxa6 Rxa6 9. f4 Bg7 10. Nf3 0-0 11. 0-0 Nbd7 12. Nd2 Nb6 13. a4 Qa8 14. Ra3 Nfd7 15. Qc2 c4 16. Nf3 Nc5 17. Be3 Nb3 18. a5 Nd7 19. Nb5 Rc8 20. Nfd4 Nxd4 21. Nxd4 Bxd4 22. Bxd4 Rxa5 23. Rfa1 Rxa3 24. Rxa3 Qb8 25. Ra7 Rc7 26. Rxc7 Qxc7 27. b3 Qa5 28. Kf1 cxb3 29. Qxb3 Qc7 30. Qb5 Qc1+ 31. Ke2 Qxf4 32. Qxd7 Qxe4+ 33. Be3 Qxg2+ 34. Ke1 Qe4 35. Ke2 Qc2+ 36. Ke1 Qe4 37. Ke2 f6 38. Qe6+ Qxe6 39. dxe6 Kg7 40. h4 g5 41. h5 Kh6 42. Bb6 Kxh5 43. Bd8 Kg6 44. Bxe7 Kf5 45. Bxd6 Kxe6 46. Bc7 h5 47. Kf3 Kf5 48. Kg3 Kg6 49. Kf3 f5 50. Bd8 h4 51. Be7 g4+ 52. Kf4 h3 53. Kg3 f4+ 54. Kh2 Kf5 55. Bd6 Ke4 56. Bc5 Kf3 57. Bd6 Ke3 58. Kg1 g3 59. Be5 Kf3 60. Bd6 0-1

[Event "SRB-chT2 East"]
[Site "Serbia"]
[Date "2017.09.10"]
[Round "4.6"]
[White "Petrovic, Grade"]
[Black "Mijajlovic, Jovan"]
[Result "1/2-1/2"]
[WhiteElo "2061"]
[BlackElo "1891"]
[PlyCount "101"]
[EventDate "2017.09.08"]
[EventType "team-tourn"]
[EventRounds "11"]
[EventCountry "SRB"]
[SourceTitle "EXT 2022"]
[Source "ChessBase"]
[SourceDate "2021.10.06"]
[SourceVersion "1"]
[SourceVersionDate "2021.10.06"]
[SourceQuality "1"]

1. d4 Nf6 2. Nf3 e6 3. c4 Bb4+ 4. Bd2 a5 5. a3 Bxd2+ 6. Nbxd2 d6 7. e3 Nbd7 8. Be2 b6 9. 0-0 Bb7 10. b4 axb4 11. axb4 0-0 12. Qc2 e5 13. Nb3 e4 14. Nfd2 Qe7 15. Rxa8 Rxa8 16. Ra1 g6 17. Rxa8+ Bxa8 18. Qa2 Qd8 19. Qa7 Qb8 20. Qxb8+ Nxb8 21. b5 Nbd7 22. Kf1 Kf8 23. Ke1 Ke8 24. Kd1 c6 25. bxc6 Bxc6 26. Kc2 Ba4 27. Kc3 Bxb3 28. Nxb3 Kd8 29. Kb4 h5 30. f3 Nf8 31. fxe4 Nxe4 32. Bf3 Nf6 33. c5 bxc5+ 34. dxc5 dxc5+ 35. Nxc5 N6h7 36. Kc4 Ng5 37. Bd5 Ke7 38. Kd4 Ngh7 39. h4 Nf6 40. Bf3 N6d7 41. Nxd7 Kxd7 42. Ke5 Ke7 43. Be2 Nd7+ 44. Kf4 Kf6 45. g4 hxg4 46. Bxg4 Ne5 47. Be2 Nc6 48. Bd3 Ne5 49. Bb5 Ke6 50. Be2 Kf6 51. Bb5 1/2-1/2

[Event "Paracin Summer op-B 10th"]
[Site "Paracin"]
[Date "2017.07.11"]
[Round "5"]
[White "Mijajlovic, Jovan"]
[Black "Opacic, Alexandar"]
[Result "0-1"]
[WhiteElo "1858"]
[BlackElo "2029"]
[PlyCount "78"]
[EventDate "2017.07.07"]
[EventType "swiss"]
[EventRounds "9"]
[EventCountry "SRB"]
[SourceTitle "EXT 2020"]
[Source "ChessBase"]
[SourceDate "2019.10.17"]
[SourceVersion "1"]
[SourceVersionDate "2019.10.17"]
[SourceQuality "1"]

1. e4 c5 2. Nf3 Nc6 3. d4 cxd4 4. Nxd4 Nf6 5. Nc3 d6 6. Be2 e6 7. Be3 Be7 8. Qd2 a6 9. 0-0-0 Qc7 10. Kb1 Nxd4 11. Bxd4 e5 12. Be3 Be6 13. f3 b5 14. g4 b4 15. Na4 Rb8 16. g5 Nd7 17. h4 0-0 18. h5 Rbd8 19. g6 Nc5 20. h6 hxg6 21. Nxc5 dxc5 22. Qc1 Rxd1 23. Bxd1 c4 24. hxg7 Kxg7 25. f4 Bf6 26. Rf1 Qa5 27. f5 gxf5 28. exf5 Bd5 29. Bg5 Qd8 30. Rg1 Kh8 31. Qe3 b3 32. cxb3 cxb3 33. Bxb3 Bxb3 34. axb3 Qe7 35. Kc2 Rc8+ 36. Kb1 Rb8 37. Bxf6+ Qxf6 38. Rf1 Qd6 39. Qe1 Qd5 0-1

[Event "Paracin Summer op-B 10th"]
[Site "Paracin"]
[Date "2017.07.08"]
[Round "2"]
[White "Mijajlovic, Jovan"]
[Black "Isak, Igor G"]
[Result "1-0"]
[WhiteElo "1858"]
[BlackElo "2094"]
[PlyCount "47"]
[EventDate "2017.07.07"]
[EventType "swiss"]
[EventRounds "9"]
[EventCountry "SRB"]
[SourceTitle "EXT 2020"]
[Source "ChessBase"]
[SourceDate "2019.10.17"]
[SourceVersion "1"]
[SourceVersionDate "2019.10.17"]
[SourceQuality "1"]

1. e4 e6 2. d4 d5 3. Nc3 Nf6 4. Bg5 dxe4 5. Nxe4 Be7 6. Bxf6 gxf6 7. Nf3 f5 8. Nc3 a6 9. Qe2 Bf6 10. 0-0-0 0-0 11. g4 fxg4 12. Ne5 Bxe5 13. Qxe5 Nc6 14. Qh5 Qf6 15. Bd3 Qg7 16. Rhg1 Ne7 17. Rxg4 Ng6 18. h4 f5 19. Rg3 Kh8 20. Rdg1 Rf6 21. Qg5 h6 22. Qh5 Kh7 23. Ne4 fxe4 24. Bxe4 1-0

[Event "SRB Central-ch op-B 9th"]
[Site "Paracin"]
[Date "2016.07.12"]
[Round "7"]
[White "Mijajlovic, Jovan"]
[Black "Gajin, Nikola"]
[Result "0-1"]
[WhiteElo "1881"]
[BlackElo "2069"]
[PlyCount "78"]
[EventDate "2016.07.07"]
[EventType "swiss"]
[EventRounds "9"]
[EventCountry "SRB"]
[SourceTitle "CBM 173 Extra"]
[Source "ChessBase"]
[SourceDate "2016.08.29"]
[SourceVersion "1"]
[SourceVersionDate "2016.08.29"]
[SourceQuality "1"]

1. e4 c6 2. d4 d5 3. Nd2 dxe4 4. Nxe4 Bf5 5. Ng3 Bg6 6. h4 h6 7. h5 Bh7 8. Nf3 Nd7 9. Bd3 Bxd3 10. Qxd3 Ngf6 11. Bf4 e6 12. 0-0-0 Nd5 13. Be5 a5 14. Kb1 b5 15. Rhe1 a4 16. Nf5 Nxe5 17. Nxe5 Qc7 18. Ng6 fxg6 19. Rxe6+ Kd7 20. Rde1 Kc8 21. hxg6 Kb7 22. g3 a3 23. b3 Bb4 24. R1e5 Qd7 25. c4 Nc3+ 26. Ka1 Rae8 27. Qe3 Rxe6 28. Rxe6 Nd1 29. Qe4 Nc3 30. Qe5 Rf8 31. g4 Qc7 32. f4 Rd8 33. Qe3 Nd1 34. Qe4 Bc3+ 35. Kb1 Bxd4 36. Kc2 Nc3 37. Qf3 b4 38. Nxd4 Rxd4 39. Qe3 Qxf4 0-1

[Event "SRB-chT3 East"]
[Site "Serbia"]
[Date "2015.10.16"]
[Round "7.64"]
[White "Mijajlovic, Jovan"]
[Black "Nikic, Dragan"]
[Result "1/2-1/2"]
[WhiteElo "1888"]
[BlackElo "1831"]
[PlyCount "42"]
[EventDate "2015.09.06"]
[EventType "team-tourn"]
[EventRounds "11"]
[EventCountry "SRB"]
[SourceTitle "EXT 2022"]
[Source "ChessBase"]
[SourceDate "2021.10.06"]
[SourceVersion "1"]
[SourceVersionDate "2021.10.06"]
[SourceQuality "1"]

1. d3 c5 2. g3 d6 3. Bg2 Qc7 4. Nc3 e6 5. Nf3 a6 6. a4 Nd7 7. 0-0 Ngf6 8. Re1 Be7 9. Bd2 Rb8 10. a5 0-0 11. e4 Re8 12. Qe2 b5 13. axb6 Rxb6 14. Na4 Rb8 15. e5 dxe5 16. Nxe5 Nxe5 17. Qxe5 Bd6 18. Qg5 h6 19. Qh4 Bd7 20. Bxh6 gxh6 21. Qxf6 Bf8 1/2-1/2

[Event "SRB-ch U18"]
[Site "Vrbas"]
[Date "2015.04.10"]
[Round "2"]
[White "Mijajlovic, Jovan"]
[Black "Stankovic, Nikola G"]
[Result "0-1"]
[WhiteElo "1822"]
[BlackElo "1703"]
[PlyCount "92"]
[EventDate "2015.04.09"]
[EventType "swiss"]
[EventRounds "9"]
[EventCountry "SRB"]
[SourceTitle "EXT 2016"]
[Source "ChessBase"]
[SourceDate "2015.10.08"]
[SourceVersion "1"]
[SourceVersionDate "2015.10.08"]
[SourceQuality "1"]

1. e4 c6 2. d4 d5 3. e5 Bf5 4. Nf3 e6 5. Bd3 Bxd3 6. Qxd3 h6 7. 0-0 Nd7 8. Nbd2 Ne7 9. c3 Nf5 10. Re1 c5 11. b3 Qb6 12. Bb2 Be7 13. g4 Nh4 14. Nxh4 Bxh4 15. Nf3 Be7 16. Re2 0-0 17. Rf1 cxd4 18. cxd4 Rac8 19. Ne1 Rc6 20. f4 f5 21. Rg2 Qa6 22. Qh3 Rf7 23. Nf3 Qd3 24. g5 hxg5 25. fxg5 g6 26. Qh6 Nf8 27. Qh4 Rh7 28. Qf2 Bb4 29. Qe2 Qxe2 30. Rxe2 Rhc7 31. Kg2 Kf7 32. Ng1 Nd7 33. Rff2 Nb6 34. Nh3 a5 35. Nf4 a4 36. Nd3 Bc3 37. Bxc3 Rxc3 38. Nc5 axb3 39. axb3 Nd7 40. Rc2 Rxc2 41. Rxc2 b6 42. b4 bxc5 43. bxc5 Nb6 44. Rc3 Nc4 45. Rh3 Kg7 46. Rd3 Rb7 0-1

[Event "SRB Central-ch op-B 7th"]
[Site "Paracin"]
[Date "2014.07.05"]
[Round "3"]
[White "Mijajlovic, Jovan"]
[Black "Jakovljevic, Dejan"]
[Result "0-1"]
[WhiteElo "1602"]
[BlackElo "1962"]
[PlyCount "46"]
[EventDate "2014.07.04"]
[EventType "swiss"]
[EventRounds "9"]
[EventCountry "SRB"]
[SourceTitle "CBM 161 Extra"]
[Source "ChessBase"]
[SourceDate "2014.08.29"]
[SourceVersion "1"]
[SourceVersionDate "2014.08.29"]
[SourceQuality "1"]

1. e4 e6 2. d4 d5 3. exd5 exd5 4. Bd3 Nc6 5. c3 Bd6 6. Ne2 Bg4 7. f3 Be6 8. Bf4 Nge7 9. Nd2 Nf5 10. Kf2 g5 11. Bxd6 Qxd6 12. Qc2 Nce7 13. g3 h5 14. f4 f6 15. Nf1 0-0-0 16. Ne3 Nxe3 17. Kxe3 Bg4 18. Rhf1 Qe6+ 19. Kd2 Nf5 20. Bxf5 Bxf5 21. Qa4 Rhe8 22. Rf2 Bd3 23. Qxa7 Qe3+ 0-1

[Event "SRB-chT2 East"]
[Site "Zajecar"]
[Date "2013.10.10"]
[Round "1"]
[White "Mijajlovic, Jovan"]
[Black "Stankovic, Sara"]
[Result "1-0"]
[WhiteElo "1538"]
[BlackElo "1434"]
[PlyCount "175"]
[EventDate "2013.10.10"]
[EventType "team-swiss"]
[EventRounds "8"]
[EventCountry "SRB"]
[SourceTitle "EXT 2014"]
[Source "ChessBase"]
[SourceDate "2013.11.20"]
[SourceVersion "1"]
[SourceVersionDate "2013.11.20"]
[SourceQuality "1"]

1. e4 d6 2. d4 Nf6 3. Nc3 g6 4. Be2 Bg7 5. Be3 0-0 6. f4 Nc6 7. e5 Ne8 8. d5 Nb8 9. Nf3 c6 10. Bd4 cxd5 11. exd6 Bxd4 12. Qxd4 Qxd6 13. Nxd5 Nc6 14. Qd2 Bf5 15. Rc1 Be4 16. Nc3 Qxd2+ 17. Kxd2 Rd8+ 18. Ke1 Nf6 19. Nxe4 Nxe4 20. Bd3 Nc5 21. Ke2 Nxd3 22. cxd3 Nb4 23. Rhd1 Nxa2 24. Rc7 Nb4 25. Rxb7 Nd5 26. g3 Rb8 27. Rxa7 Rxb2+ 28. Rd2 Nc3+ 29. Ke3 Rxd2 30. Kxd2 Nd5 31. Rd7 e6 32. Ne5 Nf6 33. Ra7 h5 34. h3 Nd5 35. Nd7 Rd8 36. Ne5 Rf8 37. Ke2 Kg7 38. Kf3 Nf6 39. g4 hxg4+ 40. hxg4 Nd5 41. Rd7 Kf6 42. Ke4 Nc3+ 43. Kd4 Ne2+ 44. Ke3 Nc3 45. Kd2 Nd5 46. Rxd5 exd5 47. Nd7+ Ke7 48. Nxf8 Kxf8 49. Ke3 Ke7 50. Kd4 Kd6 51. g5 Kc6 52. Ke5 Kc5 53. Kf6 Kd4 54. Kxf7 Kxd3 55. Kxg6 Kc2 56. f5 d4 57. f6 d3 58. f7 d2 59. f8Q d1Q 60. Qc5+ Kb3 61. Qb5+ Kc3 62. Qe5+ Kc4 63. Qc7+ Kb3 64. Qb6+ Kc3 65. Qc5+ Kb3 66. Qe3+ Kb4 67. Qf4+ Kc3 68. Kg7 Qd7+ 69. Qf7 Qg4 70. g6 Kd2 71. Qa2+ Ke3 72. Qb3+ Kd2 73. Qb2+ Kd3 74. Qb1+ Kd2 75. Qb2+ Kd3 76. Qf6 Qd7+ 77. Kf8 Qc8+ 78. Kf7 Qd7+ 79. Qe7 Qf5+ 80. Qf6 Qd7+ 81. Kg8 Qe8+ 82. Kh7 Qd7+ 83. g7 Qh3+ 84. Qh6 Qd7 85. Qg6+ Ke3 86. Qf6 Qh3+ 87. Qh6+ Qxh6+ 88. Kxh6 1-0